00487nam a2200157Ia 4500008004100000020001500041041000800056082001800064100004000082245008400122260004300206300001600249365001300265650002900278650002200307210423s2003 xx 000 0 und d a8122894797 aeng a323.4483 ALBA aALBARRAN (Alan B);GOFF (David H),Ed aUnderstanding the web: social political and economic dimensions of the internet aNew DelhibSurjeeth Publicationsc2003 axvi,289bPB b195cINR aCivil & Political Rights aPolitical Science